Financial Management (Record no. 7827)
[ view plain ]
| 000 -LEADER | |
|---|---|
| fixed length control field | 00292nam a2200121Ia 4500 |
| 008 - FIXED-LENGTH DATA ELEMENTS--GENERAL INFORMATION | |
| fixed length control field | 191201s2012 xx 000 0 und d |
| 100 ## - MAIN ENTRY--PERSONAL NAME | |
| Personal name | PANDEY, I M |
| 245 #0 - TITLE STATEMENT | |
| Title | Financial Management |
| 250 ## - EDITION STATEMENT | |
| Edition statement | Rep |
| 260 ## - PUBLICATION, DISTRIBUTION, ETC. (IMPRINT) | |
| Date of publication, distribution, etc | 2012 |
| Name of publisher, distributor, etc | Vikas Publication House |
| Place of publication, distribution, etc | NEW DELHI |
| 300 ## - PHYSICAL DESCRIPTION | |
| Extent | 879 |
| 942 ## - ADDED ENTRY ELEMENTS (KOHA) | |
| Source of classification or shelving scheme | Dewey Decimal Classification |
| Koha item type | Text Books |
| Withdrawn status | Lost status | Source of classification or shelving scheme | Damaged status | Not for loan | Collection code | Home library | Current library | Date acquired | Source of acquisition | Cost, normal purchase price | Bill Number | Total Checkouts | Full call number | Acc. no. / Barcode | Date last seen | Actual Cost, discounted price | Bill Date | Koha item type |
|---|---|---|---|---|---|---|---|---|---|---|---|---|---|---|---|---|---|---|
| Dewey Decimal Classification | BCA | PIET C-LIBRARY | PIET C-LIBRARY | 09/04/2012 | IBH, New Delhi | 595.00 | 10249 | 658.15 PAF | BC338 | 04/12/2019 | 394.12 | 09/04/2012 | Text Books | |||||
| Dewey Decimal Classification | BCA | PIET C-LIBRARY | PIET C-LIBRARY | 09/04/2012 | IBH, New Delhi | 595.00 | 10249 | 658.15 PAF | BC339 | 04/12/2019 | 394.12 | 09/04/2012 | Text Books | |||||
| Dewey Decimal Classification | BCA | PIET C-LIBRARY | PIET C-LIBRARY | 09/04/2012 | IBH, New Delhi | 595.00 | 10249 | 658.15 PAF | BC340 | 04/12/2019 | 394.12 | 09/04/2012 | Text Books | |||||
| Dewey Decimal Classification | BCA | PIET C-LIBRARY | PIET C-LIBRARY | 09/04/2012 | IBH, New Delhi | 595.00 | 10249 | 658.15 PAF | BC341 | 04/12/2019 | 394.12 | 09/04/2012 | Text Books | |||||
| Dewey Decimal Classification | BCA | PIET C-LIBRARY | PIET C-LIBRARY | 09/04/2012 | IBH, New Delhi | 595.00 | 10249 | 658.15 PAF | BC342 | 04/12/2019 | 394.12 | 09/04/2012 | Text Books | |||||
| Dewey Decimal Classification | BCA | PIET C-LIBRARY | PIET C-LIBRARY | 09/04/2012 | IBH, New Delhi | 595.00 | 10249 | 658.15 PAF | BC343 | 04/12/2019 | 394.12 | 09/04/2012 | Text Books |